[Event "EU-ch U12 30th"]
[Site "Antalya"]
[Date "2022.11.08"]
[Round "3"]
[White "Popov, Roman4444"]
[Black "Qalabegashvili, Data"]
[Result "1/2-1/2"]
[WhiteElo "1863"]
[BlackElo "1621"]
[PlyCount "132"]
[EventDate "2022.11.06"]
[EventType "swiss"]
[EventRounds "9"]
[EventCountry "TUR"]
[SourceTitle "EXT 2024"]
[Source "ChessBase"]
[SourceDate "2023.10.10"]
[SourceVersion "1"]
[SourceVersionDate "2023.10.10"]
[SourceQuality "1"]

1. d4 Nf6 2. Bg5 g6 3. Bxf6 exf6 4. e3 Bg7 5. g3 0-0 6. Bg2 d5 7. Ne2 Bg4 8. 0-0 Bxe2 9. Qxe2 c6 10. c4 dxc4 11. Qxc4 f5 12. Nc3 Qd6 13. Rad1 a6 14. Qb3 b5 15. e4 fxe4 16. Nxe4 Qc7 17. d5 cxd5 18. Ng5 Qc4 19. Qxc4 bxc4 20. Bxd5 Ra7 21. Rfe1 Bf6 22. Ne4 Bxb2 23. Bxc4 Rc7 24. Nd6 Ba3 25. Bb3 Bb4 26. Re4 Bxd6 27. Rxd6 Rc6 28. Rxc6 Nxc6 29. Bd5 Nb8 30. Re7 Kg7 31. Ra7 h5 32. Kg2 Kh6 33. Bc4 Rc8 34. Bxa6 Nxa6 35. Rxa6 Rc2 36. a4 Ra2 37. a5 Kg7 38. Ra8 Kh7 39. a6 Kg7 40. a7 Kf6 41. h4 Kg7 42. Kf3 Kf6 43. Ke3 Kg7 44. Ke4 Ra5 45. Kd4 Kf6 46. Kc4 Kg7 47. Kb4 Ra1 48. Kb5 Rb1+ 49. Kc6 Rc1+ 50. Kd6 Rd1+ 51. Ke5 Re1+ 52. Kf4 Ra1 53. Kf3 Ra3+ 54. Kg2 Ra2 55. Kh3 Ra1 56. f3 Ra3 57. Kg2 Ra2+ 58. Kf1 Ra1+ 59. Ke2 Ra2+ 60. Ke3 Ra3+ 61. Kf4 Ra4+ 62. Ke5 Ra1 63. g4 Ra5+ 64. Ke4 Ra4+ 65. Ke3 hxg4 66. fxg4 Ra3+ 1/2-1/2

[Event "Wch U12"]
[Site "Batumi"]
[Date "2022.09.26"]
[Round "10"]
[White "Federer, Colin"]
[Black "Qalabegashvili, Data"]
[Result "1/2-1/2"]
[WhiteElo "1835"]
[BlackElo "1502"]
[PlyCount "107"]
[EventDate "2022.09.16"]
[EventType "swiss"]
[EventRounds "11"]
[EventCountry "GEO"]
[SourceTitle "EXT 2023"]
[Source "ChessBase"]
[SourceDate "2022.10.05"]
[SourceVersion "1"]
[SourceVersionDate "2022.10.05"]
[SourceQuality "1"]

1. d4 Nf6 2. c4 g6 3. g3 Bg7 4. Bg2 d6 5. Nf3 0-0 6. 0-0 Nc6 7. Nc3 e5 8. h3 exd4 9. Nxd4 Nxd4 10. Qxd4 Re8 11. Qh4 Nd7 12. Qxd8 Rxd8 13. Nb5 c6 14. Nxd6 Nb6 15. c5 Na4 16. Be3 Nxb2 17. Rab1 Be5 18. Nxc8 Raxc8 19. Bc1 Na4 20. Rxb7 Nxc5 21. Rxa7 Ra8 22. Rxa8 Rxa8 23. Bxc6 Rxa2 24. Bf3 Ne6 25. Kg2 Nd4 26. e3 Nb3 27. Bd5 Nxc1 28. Rxc1 Ra7 29. Rc5 Bd6 30. Rc6 Rd7 31. Ra6 Kg7 32. Kf3 h5 33. Bc4 Bc5 34. Rc6 Ba7 35. Kf4 Re7 36. h4 Bb8+ 37. Kf3 Be5 38. Bd5 Bb8 39. Rb6 Ba7 40. Rb5 Kf6 41. Bc4 Kg7 42. Bd5 Kf6 43. Rb7 Rxb7 44. Bxb7 Ke5 45. Bc6 Bc5 46. Be8 Ke6 47. Ke2 Ke7 48. Bb5 f6 49. f4 f5 50. Bd3 Kf6 51. Kf3 Bb6 52. e4 fxe4+ 53. Kxe4 Bf2 54. Kf3 1/2-1/2

[Event "Wch U12"]
[Site "Batumi"]
[Date "2022.09.24"]
[Round "8"]
[White "Lu, Yunong Elias"]
[Black "Qalabegashvili, Data"]
[Result "0-1"]
[WhiteElo "1836"]
[BlackElo "1502"]
[PlyCount "68"]
[EventDate "2022.09.16"]
[EventType "swiss"]
[EventRounds "11"]
[EventCountry "GEO"]
[SourceTitle "EXT 2023"]
[Source "ChessBase"]
[SourceDate "2022.10.05"]
[SourceVersion "1"]
[SourceVersionDate "2022.10.05"]
[SourceQuality "1"]

1. c4 e5 2. Nc3 Nc6 3. g3 g6 4. Bg2 Bg7 5. e3 d6 6. h3 f5 7. Nge2 Nf6 8. d3 0-0 9. 0-0 Be6 10. Kh2 h6 11. Qd2 d5 12. cxd5 Nxd5 13. f4 Qd7 14. fxe5 Nxe5 15. Nxd5 Bxd5 16. Nf4 Bxg2 17. Qxg2 g5 18. Qd5+ Qxd5 19. Nxd5 Rf7 20. Rxf5 Rxf5 21. Ne7+ Kf7 22. Nxf5 Nxd3 23. Nxg7 Kxg7 24. Bd2 Rf8 25. Bc3+ Kg6 26. Rd1 Nxb2 27. Rd7 Na4 28. Rg7+ Kf5 29. Rxc7 Nxc3 30. Rxc3 Ke4 31. Kg2 Rf6 32. h4 gxh4 33. gxh4 b5 34. Rb3 a6 0-1

[Event "Wch U12"]
[Site "Batumi"]
[Date "2022.09.18"]
[Round "3"]
[White "Qalabegashvili, Data"]
[Black "Bukreev, Stanislav"]
[Result "0-1"]
[WhiteElo "1502"]
[BlackElo "1889"]
[PlyCount "46"]
[EventDate "2022.09.16"]
[EventType "swiss"]
[EventRounds "11"]
[EventCountry "GEO"]
[SourceTitle "EXT 2023"]
[Source "ChessBase"]
[SourceDate "2022.10.05"]
[SourceVersion "1"]
[SourceVersionDate "2022.10.05"]
[SourceQuality "1"]

1. d4 e6 2. Nf3 c5 3. g3 Nf6 4. Bg2 Nc6 5. 0-0 d5 6. Bg5 Qb6 7. dxc5 Qxb2 8. Nbd2 Nd7 9. Nb3 Nxc5 10. Nbd4 Nxd4 11. Nxd4 Bd7 12. Qd2 Na4 13. Rab1 Qc3 14. Qf4 h6 15. Bh4 g5 16. Qe5 Rg8 17. Rxb7 Bg7 18. Qd6 Nb6 19. Nb3 Qc6 20. Rb8+ Nc8 21. Qb4 Bf8 22. Qb7 Rxb8 23. Qxb8 Bd6 0-1

[Event "EU-ch Schools U11"]
[Site "Rhodes"]
[Date "2022.04.21"]
[Round "1"]
[White "Qalabegashvili, Data"]
[Black "Ochedzan, Filip"]
[Result "1/2-1/2"]
[WhiteElo "1348"]
[BlackElo "1873"]
[PlyCount "136"]
[EventDate "2022.04.21"]
[EventType "swiss"]
[EventRounds "9"]
[EventCountry "GRE"]
[SourceTitle "CBM 208 Extra"]
[Source "ChessBase"]
[SourceDate "2022.07.31"]
[SourceVersion "1"]
[SourceVersionDate "2022.07.31"]
[SourceQuality "1"]

1. e4 c5 2. Nf3 d6 3. d4 cxd4 4. Nxd4 Nf6 5. Nc3 a6 6. Be3 e5 7. Nb3 Be6 8. Qd2 Nbd7 9. f3 h5 10. 0-0-0 Rc8 11. Nd5 Bxd5 12. exd5 g6 13. Kb1 Bg7 14. Be2 Qc7 15. c4 0-0 16. Rc1 b6 17. Bh6 a5 18. Bxg7 Kxg7 19. Qc3 a4 20. Nd2 b5 21. cxb5 Qb7 22. Qb4 Qxd5 23. Ne4 Nxe4 24. fxe4 Qb7 25. Rhd1 Rxc1+ 26. Rxc1 Nc5 27. Rd1 Rd8 28. Bf3 Qb6 29. Be2 Rf8 30. Qc4 Ne6 31. Qxa4 Nd4 32. Bd3 f5 33. Qa6 Qc5 34. Rc1 Qb4 35. b6 Kh6 36. exf5 Rb8 37. a3 Qxb6 38. Qxb6 Rxb6 39. fxg6 d5 40. Rd1 Rd6 41. Re1 e4 42. Bc2 Nf5 43. b4 Rxg6 44. g3 Re6 45. a4 Nd6 46. Bb3 Re5 47. Rd1 e3 48. Bxd5 e2 49. Re1 Rxd5 50. Rxe2 Rd4 51. Kc2 Kg5 52. Kc3 Rc4+ 53. Kb3 Rc8 54. h3 Nf5 55. Rg2 Nd4+ 56. Ka2 Rc4 57. Ka3 Rc3+ 58. Ka2 Nf5 59. g4 Ne3 60. Rb2 Nc4 61. Rb3 Rc2+ 62. Kb1 Re2 63. Kc1 hxg4 64. hxg4 Kxg4 65. b5 Na5 66. Rb4+ Kf5 67. b6 Nb7 68. Kb1 Re5 1/2-1/2

[Event "EU-ch Hybrid U10"]
[Site "Tornelo INT"]
[Date "2021.10.15"]
[Round "3"]
[White "Buchinger, Alexis"]
[Black "Qalabegashvili, Data"]
[Result "1/2-1/2"]
[WhiteElo "1614"]
[BlackElo "1308"]
[PlyCount "133"]
[EventDate "2021.10.15"]
[EventType "swiss"]
[EventRounds "9"]
[EventCountry "NET"]
[SourceTitle "EXT 2023"]
[Source "ChessBase"]
[SourceDate "2022.10.05"]
[SourceVersion "1"]
[SourceVersionDate "2022.10.05"]
[SourceQuality "1"]
[WhiteTeam "Germany"]
[BlackTeam "Georgia"]
[WhiteTeamCountry "GER"]
[BlackTeamCountry "GEO"]

1. e4 c5 2. Nf3 Nc6 3. d4 cxd4 4. Nxd4 g6 5. c4 Bg7 6. Be3 Nf6 7. Nc3 Ng4 8. Qxg4 Nxd4 9. Qd1 e5 10. Bd3 0-0 11. 0-0 d6 12. Qd2 Be6 13. Rac1 f5 14. f3 f4 15. Bf2 h5 16. Ne2 Nxe2+ 17. Bxe2 Qe7 18. c5 Rad8 19. cxd6 Rxd6 20. Qb4 b6 21. Rcd1 Rd7 22. Qxe7 Rxe7 23. b3 Rc8 24. Rc1 Rec7 25. Rxc7 Rxc7 26. Bd3 Kf7 27. Rd1 Bf8 28. Kf1 Bb4 29. Be1 Bxe1 30. Kxe1 g5 31. h3 g4 32. hxg4 hxg4 33. Bc4 Bxc4 34. bxc4 gxf3 35. gxf3 Rxc4 36. Rd7+ Kf6 37. Rxa7 Rc3 38. Kf2 Rc2+ 39. Kf1 Kg5 40. Rb7 Rxa2 41. Rxb6 Ra1+ 42. Kg2 Ra2+ 43. Kf1 Ra1+ 44. Ke2 Ra2+ 45. Ke1 Ra1+ 46. Kd2 Ra2+ 47. Kd1 Kh4 48. Rg6 Rf2 49. Re6 Rxf3 50. Rxe5 Re3 51. Kd2 Kg3 52. Rg5+ Kf2 53. e5 f3 54. Rh5 Re2+ 55. Kd3 Kg3 56. Kd4 f2 57. Rf5 Re1 58. Kd5 f1Q 59. Rxf1 Rxf1 60. e6 Kf4 61. e7 Re1 62. Kd6 Kf5 63. Kd7 Rd1+ 64. Kc7 Rc1+ 65. Kd7 Re1 66. e8Q Rxe8 67. Kxe8 1/2-1/2

[Event "EU-ch Hybrid U10"]
[Site "Tornelo INT"]
[Date "2021.10.15"]
[Round "2"]
[White "Qalabegashvili, Data"]
[Black "Gulenko, Zakhar"]
[Result "0-1"]
[WhiteElo "1308"]
[BlackElo "1524"]
[PlyCount "102"]
[EventDate "2021.10.15"]
[EventType "swiss"]
[EventRounds "9"]
[EventCountry "NET"]
[SourceTitle "EXT 2023"]
[Source "ChessBase"]
[SourceDate "2022.10.05"]
[SourceVersion "1"]
[SourceVersionDate "2022.10.05"]
[SourceQuality "1"]
[WhiteTeam "Georgia"]
[BlackTeam "Russia"]
[WhiteTeamCountry "GEO"]
[BlackTeamCountry "RUS"]

1. e4 e6 2. d4 d5 3. Nc3 Nf6 4. Bg5 h6 5. Bxf6 gxf6 6. exd5 exd5 7. Qd2 c6 8. 0-0-0 Be6 9. Nf3 Bd6 10. Bd3 Qc7 11. Kb1 Nd7 12. Nh4 0-0-0 13. Nf5 Bxf5 14. Bxf5 Kb8 15. Bxd7 Qxd7 16. f4 Qg4 17. g3 Bb4 18. a3 Bxc3 19. Qxc3 Rde8 20. Rde1 Re4 21. Rxe4 dxe4 22. Re1 Re8 23. Qe3 Qe6 24. Re2 f5 25. Rd2 Rd8 26. c3 h5 27. Kc2 a5 28. Kb1 a4 29. h3 Rg8 30. Rc2 Qc4 31. Re2 Qb3 32. Rd2 Qc4 33. Re2 Kc7 34. Re1 Qb3 35. Qf2 Rg6 36. h4 Qc4 37. Re3 Rd6 38. Qe2 Qxe2 39. Rxe2 c5 40. dxc5 Rd3 41. Rg2 Kc6 42. Kc1 Kxc5 43. Kc2 Kc4 44. Rg1 Rf3 45. Rg2 e3 46. Kd1 Kd3 47. Ke1 b5 48. Rg1 Rf2 49. Kd1 Rc2 50. g4 e2+ 51. Ke1 Rc1+ 0-1